| 000 | 00773nam a2200205 i 4500 | ||
|---|---|---|---|
| 001 | 150526 | ||
| 003 | ES-MaACL | ||
| 005 | 20250930063128.0 | ||
| 007 | t| | ||
| 008 | 071031s1950 sp ||||1| spa d | ||
| 100 | 1 |
_aVálgoma y Díaz-Varela, Dalmiro de la, _d1904-1990 _9112691 |
|
| 245 | 1 | 3 |
_aEl olivo en la heráldica / _cpor Dalmiro de la Válgoma y Díaz-Varela. |
| 260 |
_aMadrid : _bSindicato Vertical del Olivo, _c1950. |
||
| 300 |
_a14 h. : _bil. ; _c24 cm. |
||
| 500 | _aPrecede al tít.: 13º Congreso Internacional de Oleicultura. | ||
| 710 | 2 |
_aSindicato Vertical del Olivo. _96618 |
|
| 711 | 2 |
_aCongreso Internacional de Oleicultura ( _n13º. _d1950. _cMadrid-Sevilla) _9449 |
|
| 852 |
_aES-MaACL _j1917-F-5 _bR.30779 |
||
| 999 |
_c150526 _d150526 |
||